LOSC Lille players (2010-2020) - Statistics

General Stats
  • This quiz has been taken 9 times
  • The average score is 74 of 120
Answer Stats
Rank Player Positions Nationality Matches Goals (assists) Period % Correct
19 Eden Hazard LW 76 27 (29) 2010-2012
100%
8 Mike Maignan GK 111 0 (0) 2015-2020
100%
1 Rio Mavuba DM 211 4 (8) 2010-2017
100%
10 Adama Soumaoro CB 100 2 (1) 2013-2020
88%
22 Divock Origi ST 73 14 (4) 2012-2015
88%
2 Florent Balmont CM 184 5 (19) 2010-2016
88%
52 Gabriel Magalhães CB 39 2 (0) 2016-2017, 2018-2020
88%
6 Idrissa Gueye DM 134 5 (5) 2010-2015
88%
27 Jonathan Ikoné RW 66 6 (16) 2018-2020
88%
32 José Fonte CB 61 4 (2) 2018-2020
88%
72 Kévin Malcuit RB 23 0 (5) 2017-2018
88%
41 Lucas Digne LB 49 2 (2) 2011-2013
88%
13 Mickaël Landreau GK 91 0 (0) 2010-2013
88%
7 Nolan Roux ST 112 31 (15) 2011-2015
88%
82 Rui Fonte ST 18 1 (0) 2018-2019
88%
39 Ryan Mendes LW 54 7 (5) 2012-2017
88%
29 Thiago Mendes DM 65 3 (8) 2017-2019
88%
5 Vincent Enyeama GK 143 0 (0) 2013-2017
88%
114 Alexis Araújo RW 1 0 (0) 2015-2016
75%
51 Anwar El Ghazi RW 39 5 (4) 2016-2018
75%
66 Benjamin André DM 26 2 (1) 2019-2020
75%
40 Boubakary Soumaré DM 52 1 (0) 2017-2020
75%
24 Dimitri Payet AM 71 18 (25) 2011-2013
75%
11 Djibril Sidibé RB 96 7 (6) 2012-2016
75%
47 Éder ST 44 12 (8) 2015-2017
75%
49 Edgar Ié CB 42 1 (0) 2017-2019
75%
45 Fodé Ballo-Touré LB 45 0 (2) 2017-2019
75%
4 Franck Béria RB 156 2 (8) 2010-2017
75%
57 Gervinho LW 35 15 (10) 2010-2011
75%
14 Ibrahim Amadou DM 87 2 (1) 2015-2018
75%
30 Jonathan Bamba LW 64 14 (7) 2018-2020
75%
44 Loïc Rémy ST 46 14 (2) 2018-2020
75%
17 Luiz Araújo RW 80 10 (5) 2017-2020
75%
3 Marko Basa CB 157 11 (4) 2011-2017
75%
16 Mathieu Debuchy RB 82 7 (5) 2010-2013
75%
38 Moussa Sow ST 54 31 (6) 2010-2012
75%
59 Nicolas de Préville ST 34 16 (1) 2016-2018
75%
20 Nicolas Pépé RW 74 35 (16) 2017-2019
75%
9 Sébastien Corchia RB 102 4 (7) 2014-2017
75%
28 Simon Kjaer CB 66 1 (1) 2013-2015
75%
23 Túlio de Melo ST 73 10 (4) 2010-2014
75%
65 Victor Osimhen ST 27 13 (5) 2019-2020
75%
15 Yassine Benzia AM 83 9 (10) 2015-2019
75%
42 Yves Bissouma DM 47 3 (1) 2016-2018
75%
36 Zeki Çelik RB 57 1 (9) 2018-2020
75%
55 Adil Rami CB 36 0 (4) 2010-2011
63%
12 Aurélien Chedjou CB 95 8 (2) 2010-2013
63%
97 Baptiste Guillaume ST 10 0 (0) 2015-2016
63%
33 Benoît Pedretti DM 60 6 (10) 2011-2013
63%
81 Domagoj Bradarić LB 18 0 (1) 2019-2020
63%
64 Ezequiel Ponce ST 28 2 (1) 2017-2018
63%
90 Farès Bahlouli AM 14 1 (0) 2016-2018
63%
105 Hervé Koffi GK 4 0 (0) 2017-2018
63%
92 Ireneusz Jeleń ST 13 1 (0) 2011-2012
63%
85 Jérémy Pied RB 16 0 (2) 2018-2020
63%
98 John Jairo Ruiz LW 8 0 (0) 2013-2014
63%
53 Jonathan Delaplace CM 39 3 (1) 2013-2015
63%
43 Júnior Alonso CB 46 2 (1) 2016-2018
63%
84 Lebo Mothiba ST 17 6 (1) 2017-2019
63%
94 Lenny Nangis LW 11 0 (0) 2015-2016
63%
54 Ludovic Obraniak AM 38 4 (6) 2010-2012
63%
61 Morgan Amalfitano RM 32 2 (0) 2015-2017
63%
58 Mounir Obbadi CM 35 1 (4) 2015-2017
63%
87 Naïm Sliti LW 16 1 (1) 2016-2017
63%
37 Pape Souaré LB 56 3 (0) 2010-2012, 2013-2015
63%
69 Rafael Leão LW 24 8 (2) 2018-2019
63%
79 Reinildo Mandava LB 19 0 (0) 2018-2020
63%
46 Renato Civelli CB 45 1 (0) 2015-2017
63%
96 Ricardo Kishna LW 11 0 (0) 2016-2017
63%
18 Ronny Rodelin RW 78 5 (6) 2011-2016
63%
34 Rony Lopes RW 60 9 (8) 2014-2017
63%
26 Salomon Kalou LW 67 30 (8) 2012-2015
63%
48 Sofiane Boufal LW 43 14 (10) 2014-2016
63%
78 Steeve Elana GK 20 0 (0) 2012-2013
63%
31 Thiago Maia DM 62 0 (1) 2017-2020
63%
109 Timothy Weah RW 3 0 (0) 2019-2020
63%
35 Xeka CM 58 3 (3) 2016-2020
63%
56 Yohan Cabaye CM 36 2 (9) 2010-2011
63%
67 Youssouf Koné LB 25 0 (0) 2013-2014, 2015-2017, 2018-2019
63%
83 Yusuf Yazıcı AM 18 1 (4) 2019-2020
63%
74 Benjamin Pavard CB 21 0 (0) 2014-2016
50%
116 Cheikh Niasse DM 1 0 (0) 2019-2020
50%
21 David Rozehnal CB 73 2 (3) 2010-2015
50%
117 Emil Lyng LW 1 0 (0) 2010-2011
50%
50 Eric Bauthéac RW 41 2 (1) 2015-2017
50%
70 Gianni Bruno ST 23 1 (0) 2011-2013
50%
91 Hamza Mendyl LB 13 0 (0) 2016-2018
50%
60 Joe Cole AM 32 4 (5) 2011-2012
50%
71 Junior Tallo ST 23 0 (3) 2015-2016
50%
68 Kouadio-Yves Dabila CB 24 0 (0) 2017-2019
50%
86 Laurent Bonnart RB 16 0 (1) 2011-2013
50%
25 Marvin Martin AM 70 0 (11) 2012-2016
50%
103 Mauro Cetto CB 7 0 (0) 2011-2012
50%
89 Michael Frey ST 15 2 (1) 2014-2015
50%
106 Nico Gaitán AM 4 0 (0) 2019-2020
50%
63 Pierre-Alain Frau ST 29 5 (0) 2010-2011
50%
80 Renato Sanches CM 19 3 (1) 2019-2020
50%
100 Serhou Guirassy ST 8 0 (0) 2015-2016
50%
88 Stoppila Sunzu CB 16 1 (0) 2015-2017
50%
110 Viktor Klonaridis RW 3 0 (0) 2012-2013
50%
75 Younousse Sankharé CM 21 2 (1) 2016-2017
50%
76 Adama Traoré AM 20 2 (1) 2014-2015
38%
108 Barel Mouko GK 3 0 (0) 2012-2013
38%
77 Émerson Conceição LB 20 0 (2) 2010-2011
38%
102 Imad Faraj RW 7 0 (1) 2017-2018
38%
118 Jean Onana DM 1 0 (0) 2019-2020
38%
99 Kevin Koubemba ST 8 0 (0) 2014-2015
38%
120 Omar Wade ST 1 0 (0) 2010-2011
38%
62 Soualiho Meïté DM 30 0 (0) 2013-2016
38%
93 Stéphane Dumont DM 12 0 (0) 2010-2011
38%
101 Tiago Djaló CB 8 0 (0) 2019-2020
38%
111 Yaw Yeboah RW 3 0 (0) 2015-2016
38%
107 Abdoulay Diaby RW 3 0 (0) 2014-2015
25%
113 Abou Ouattara RW 1 0 (0) 2019-2020
25%
73 Julian Palmieri LB 22 1 (2) 2016-2017
25%
95 Martin Terrier LW 11 1 (0) 2016-2017
25%
115 Arton Zekaj DM 1 0 (0) 2018-2019
13%
112 Jerry Vandam RB 2 0 (0) 2010-2011
13%
119 Nolan Mbemba DM 1 0 (0) 2015-2016
13%
104 Rominigue Kouamé CM 6 0 (1) 2017-2018
13%
No matching quizzes found
Score Distribution
Percent of People with Each Score
Percentile by Number Answered
Your Score History
You have not taken this quiz